Introduction to forest resource economics / William A. Duerr

Bibliographic Details
Main Author: DUERR (William Allen)] 1911-
Format: Book
Published: New York : McGraw-Hill , 1993
Series:McGraw-Hill series in forest resources
Subjects:

MARC

LEADER 00000cam a2200000 7i4500
001 0000001938
005 20020521.0
020 0 0 |a 0070179824 
090 0 0 |a 634.9   |b DUE 1993 
100 1 0 |a DUERR   |h William A. [  |q (William Allen)]   |c 1911- 
245 1 0 |a Introduction to forest resource economics / William A. Duerr 
260 0 0 |a New York :   |b McGraw-Hill ,   |c 1993 
300 |a xviii, 485 p. :   |b ill. ;   |c 25 cm. 
440 0 0 |a McGraw-Hill series in forest resources 
500 0 0 |a Includes bibliographical references and index 
650 0 0 |a Forest products industry 
650 0 0 |a Forest products industry   |z United States 
650 0 0 |a Forests and forestry   |x Economic aspects 
650 0 0 |a Forests and forestry   |x Economic aspects   |z United States 
998 |a JPSM 
999 |a 0000003130   |b Monograph   |c Open Shelf   |e Default branch